[Event "Mallorca-ch U18"]
[Site "Algaida"]
[Date "2020.02.16"]
[Round "2.3"]
[White "Dominguez Martinez, Nicolas"]
[Black "Juan Lepp, Jaime Boris"]
[Result "0-1"]
[WhiteElo "1550"]
[BlackElo "1772"]
[PlyCount "50"]
[EventDate "2020.02.09"]
[EventType "swiss"]
[EventRounds "6"]
[EventCountry "ESP"]
[SourceTitle "EXT 2024"]
[Source "ChessBase"]
[SourceDate "2023.10.10"]
[SourceVersion "1"]
[SourceVersionDate "2023.10.10"]
[SourceQuality "1"]

1. c4 g6 2. g3 Bg7 3. Bg2 e5 4. e3 Ne7 5. Ne2 0-0 6. 0-0 c6 7. d4 exd4 8. Nxd4 d5 9. cxd5 Nxd5 10. Qd2 Qe7 11. Ne2 Be6 12. Nbc3 Nxc3 13. Nxc3 Nd7 14. b3 Ne5 15. Rd1 Rfd8 16. Qc2 Rxd1+ 17. Qxd1 Bg4 18. Qc2 Nf3+ 19. Kh1 Ne1 20. Qd2 Nxg2 21. Kxg2 Bxc3 22. Ba3 Qe4+ 23. Kg1 Bxd2 24. f4 Bxe3+ 25. Kf1 Qh1# 0-1

[Event "Mallorca-ch U18"]
[Site "Algaida"]
[Date "2020.02.09"]
[Round "1.8"]
[White "Horrach Galvez, Toni"]
[Black "Dominguez Martinez, Nicolas"]
[Result "0-1"]
[WhiteElo "1049"]
[BlackElo "1550"]
[PlyCount "30"]
[EventDate "2020.02.09"]
[EventType "swiss"]
[EventRounds "6"]
[EventCountry "ESP"]
[SourceTitle "EXT 2024"]
[Source "ChessBase"]
[SourceDate "2023.10.10"]
[SourceVersion "1"]
[SourceVersionDate "2023.10.10"]
[SourceQuality "1"]

1. e4 c5 2. Bc4 Nc6 3. Nc3 g6 4. d3 Bg7 5. Nge2 Nf6 6. 0-0 0-0 7. f4 a6 8. Be3 b5 9. Bb3 d6 10. Nd5 Ng4 11. Qd2 Nxe3 12. Qxe3 Bxb2 13. Rab1 Bg7 14. h3 b4 15. g4 e6 0-1

[Event "Calvia Amateur op 16th"]
[Site "Calvia"]
[Date "2019.10.11"]
[Round "7"]
[White "Carranza Pons, Ricardo Nelson"]
[Black "Dominguez Martinez, Nicolas"]
[Result "1/2-1/2"]
[WhiteElo "1613"]
[BlackElo "1278"]
[PlyCount "56"]
[EventDate "2019.10.05"]
[EventType "swiss"]
[EventRounds "9"]
[EventCountry "ESP"]
[SourceTitle "CBM 192 Extra"]
[Source "Chessbase"]
[SourceDate "2019.11.06"]
[SourceVersion "1"]
[SourceVersionDate "2019.11.06"]
[SourceQuality "1"]

1. e4 c5 2. Nf3 Nc6 3. Bb5 g6 4. Bxc6 dxc6 5. d4 cxd4 6. Qxd4 Qxd4 7. Nxd4 Bg7 8. c3 c5 9. Nb5 Be5 10. f4 a6 11. fxe5 axb5 12. Be3 b6 13. 0-0 Be6 14. a3 f6 15. Bf4 f5 16. exf5 Bxf5 17. Rd1 h6 18. Nd2 g5 19. Bg3 e6 20. Nf1 Ne7 21. Ne3 Rd8 22. Rxd8+ Kxd8 23. Rd1+ Kc7 24. Rd6 Re8 25. Kf2 h5 26. h4 g4 27. Bf4 Ng6 28. Bg3 Ne7 1/2-1/2

[Event "Campos Migjorn op"]
[Site "Campos"]
[Date "2019.09.07"]
[Round "2"]
[White "Moya Martinez, Diego"]
[Black "Dominguez Martinez, Nicolas"]
[Result "1/2-1/2"]
[WhiteElo "1534"]
[BlackElo "1240"]
[PlyCount "66"]
[EventDate "2019.09.06"]
[EventType "swiss"]
[EventRounds "8"]
[EventCountry "ESP"]
[SourceTitle "EXT 2020"]
[Source "ChessBase"]
[SourceDate "2019.10.17"]
[SourceVersion "1"]
[SourceVersionDate "2019.10.17"]
[SourceQuality "1"]

1. d4 d5 2. Bf4 Nf6 3. Nf3 c5 4. e3 Nc6 5. c3 e6 6. Nbd2 Bd6 7. Bxd6 Qxd6 8. dxc5 Qxc5 9. Nb3 Qb6 10. Bd3 0-0 11. 0-0 e5 12. Be2 Be6 13. Rc1 Rfd8 14. Ng5 Bf5 15. Bd3 e4 16. Be2 h6 17. Nh3 Rac8 18. Kh1 Ne5 19. Qd4 Qxd4 20. Nxd4 Bg4 21. Ng1 Bxe2 22. Ngxe2 Nd3 23. Rc2 Ng4 24. Kg1 Nge5 25. b3 a6 26. f3 g6 27. fxe4 dxe4 28. h3 f5 29. Ne6 Re8 30. N6f4 Kf7 31. Nd5 Red8 32. Ndf4 b5 33. Nd4 h5 1/2-1/2